Facilitating English For Nurses (Record no. 1216676)

MARC details
000 -LEADER
fixed length control field 00383nam a2200157Ia 4500
008 - FIXED-LENGTH DATA ELEMENTS--GENERAL INFORMATION
fixed length control field 260223s2025 xx 000 0 und d
020 ## - INTERNATIONAL STANDARD BOOK NUMBER
International Standard Book Number 9789386006271
041 ## - LANGUAGE CODE
Language code of text/sound track or separate title eng
082 ## - DEWEY DECIMAL CLASSIFICATION NUMBER
Classification number 428.24/PAD
100 ## - MAIN ENTRY--PERSONAL NAME
Personal name Padmavathi.M .
245 ## - TITLE STATEMENT
Title Facilitating English For Nurses
250 ## - EDITION STATEMENT
Edition statement 2nd ed.
260 ## - PUBLICATION, DISTRIBUTION, ETC.
Place of publication, distribution, etc. B.S.B. Pune
Name of publisher, distributor, etc. EMMESS,Pub
Date of publication, distribution, etc. 2025
300 ## - PHYSICAL DESCRIPTION
Extent 160P
650 ## - SUBJECT ADDED ENTRY--TOPICAL TERM
Topical term or geographic name entry element English
Holdings
Withdrawn status Lost status Damaged status Not for loan Home library Current library Date acquired Cost, normal purchase price Total Checkouts Full call number Barcode Date last seen Price effective from Koha item type
        College of Nursing, Navi Mumbai College of Nursing, Navi Mumbai 22/01/2026 375.00   428.24/PAD NCM-N-4763 23/02/2026 23/02/2026 Book